| Поле | Инд. | ПП | Название | Значение |
|---|---|---|---|---|
| Тип записи | a | |||
| Библиографический уровень | b | |||
| 001 | Контрольный номер | 22442fb8c2b646ec9dbcd27a8d61c46a | ||
| 005 | Дата корректировки | 20220420085631.8 | ||
| 008 | Кодируемые данные | 20150925 | ||
| 040 | b | Код языка каталог. | rus | |
| e | Правила каталог. | PSBO | ||
| 041 | 0_ | a | Код языка текста | rus |
| 084 | a | Индекс другой классификации/Индекс ББК | 65.261.1; 65.268.62 | |
| 100 | 1_ | a | Автор | Кузнецова О. С. |
| q | Полное имя | Кузнецова Ольга Сергеевна | ||
| 100 | 1_ | a | Автор | Ульянова С. Р. |
| q | Полное имя | Ульянова София Романовна | ||
| 245 | 10 | a | Заглавие | Валютный курс и вербальные интервенции Банка России и органов государственной власти |
| 500 | a | Примечание | Приложение | |
| a | Примечание | DOI: 10.17323/1813-8691-2018-22-2-228-250 | ||
| 504 | a | Библиография | Лит. в конце статьи | |
| 520 | 0_ | a | Аннотация | Анализируются вербальные заявления 2014 - 2016 гг. Банка России, Президента РФ, представителей Администрации Президента РФ и Правительства РФ. Чаще всего представители Банка России озвучивали позитивную информацию о финансовой стабильности, а большая часть заявлений представителей органов власти касалась динамики ВВП. Сведения об инфляции были согласованными: Банк России и Правительство РФ публиковали одинаковой количество сигналов с похожим содержанием. |
| 650 | 04 | a | Основная рубрика | экономика |
| a | Основная рубрика | финансы; государственные финансы | ||
| a | Основная рубрика | международные финансовые отношения | ||
| a | Основная рубрика | международные валютные отношения | ||
| 653 | 1_ | a | Ключевые слова | валютный курс |
| a | Ключевые слова | валютный рынок | ||
| a | Ключевые слова | вербальная интервенция | ||
| a | Ключевые слова | волатильность | ||
| a | Ключевые слова | волатильность обменного курса | ||
| a | Ключевые слова | динамика инфляции | ||
| a | Ключевые слова | доллар США | ||
| a | Ключевые слова | инфляция | ||
| a | Ключевые слова | информационная политика | ||
| a | Ключевые слова | курс рубля | ||
| a | Ключевые слова | обменный курс | ||
| a | Ключевые слова | органы государственной власти | ||
| a | Ключевые слова | Российский мониторинг экономического положения и здоровья НИУ ВШЭ (РМЭЗ НИУ ВШЭ) | ||
| a | Ключевые слова | Россия | ||
| a | Ключевые слова | финансовая стабильность | ||
| a | Ключевые слова | Центральный банк РФ (Банк России) | ||
| 773 | 0_ | t | Заглавие источника | Экономический журнал ВШЭ |
| d | Дата издания источника | 2018 | ||
| g | Прочая информация | Т. 22, № 2. - С. 228 - 250 : табл., расчет. | ||
| w | Контрольный № источника | DU/585314977 | ||
| 901 | t | Тип документа | b |